000
00303nam a22001097a 4500
008
140319t xxu||||| |||| 00| 0 eng d
020
_a
978-81-312-0195-4
100
_a
Joseph M. Fernandez
_9
788
245
_a
Gene Expression Systems
_b
Using Nature for the art of Expression
300
_a
480
942
_2
ddc
_c
BK
999
_c
17041
_d
17041